Significant drop in empty property total (Record no. 72013)
[ view plain ]
| 000 -LEADER | |
|---|---|
| fixed length control field | 00896cam a2200193 4500 |
| 001 - CONTROL NUMBER | |
| control field | WB3904-10 |
| 008 - FIXED-LENGTH DATA ELEMENTS--GENERAL INFORMATION | |
| fixed length control field | 030130n2003 000 0 eng u |
| 035 ## - SYSTEM CONTROL NUMBER | |
| System control number | (Sirsi) u121188 |
| 245 ## - TITLE STATEMENT | |
| Title | Significant drop in empty property total |
| 260 ## - PUBLICATION, DISTRIBUTION, ETC. | |
| Date of publication, distribution, etc. | 2003 |
| 490 ## - SERIES STATEMENT | |
| Series statement | Planning (for the Natural and Built Environment) |
| Volume/sequential designation | 24 January 2003, 2(1) |
| 520 ## - SUMMARY, ETC. | |
| Summary, etc. | The ODPM's housing investment data for 2002 reveal an overall drop of around 3% in the number of empty homes in England over the year 2001-2002, reaching 5% in London. Northeast England shows a slight rise. Total empty homes homes in 2002 was 729 770 down on 2001 with 753 188. ODPM statistical tables (HSSA 2002 secton A) are available at http://www.housing.odpm.gov.uk/local/hipoi/index.htm |
| 590 ## - LOCAL NOTE (RLIN) | |
| Local note | WB |
| 650 ## - SUBJECT ADDED ENTRY--TOPICAL TERM | |
| Topical term or geographic name entry element | HOUSING INVESTMENT PROGRAMME |
| 650 ## - SUBJECT ADDED ENTRY--TOPICAL TERM | |
| Topical term or geographic name entry element | EMPTY HOMES |
| 650 ## - SUBJECT ADDED ENTRY--TOPICAL TERM | |
| Topical term or geographic name entry element | ENGLAND |
| 690 ## - LOCAL SUBJECT ADDED ENTRY--TOPICAL TERM (OCLC, RLIN) | |
| Topical term or geographic name as entry element | HOUSING |
| 942 ## - ADDED ENTRY ELEMENTS (KOHA) | |
| Suppress in OPAC | 0 |
| Withdrawn status | Lost status | Source of classification or shelving scheme | Damaged status | Not for loan | Home library | Current library | Shelving location | Date acquired | Total Checkouts | Full call number | Barcode | Date last seen | Copy number | Price effective from | Koha item type |
|---|---|---|---|---|---|---|---|---|---|---|---|---|---|---|---|
| Dewey Decimal Classification | London | London | News article | 30/01/2003 | WB3904-10 | 121188-1001 | 06/08/2019 | 1 | 06/08/2019 | News article |